000
00361nam a2200133Ia 4500
008
151001s9999||||xx |||||||||||||| ||und||
100
_a
P. K. Singh
245
_a
Weight Loss
250
_a
1
260
_b
Kunal prakshan
260
_c
2007
300
_a
160
365
_b
21
999
_c
994944
_d
994941